00273pam a2200121 a 4500020000500000041000800005082001800013100001800031245005900049250001000108260002300118300001000141 c aeng a616.9041bMUR aMury, Banron. aMannual Of Cinical Mirobilogy VOL 2hTextual Documents a2003. a[s.l]:bASM Press  a1212.